000 00877cpcaa2200253 a 4500
001 mm 79002696
003 DLC
005 20260227111641.0
008 790731|||||||||||| eng
010 _amm 79002696
040 _aDLC
_cDLC
_dDLC
_edacs
072 7 _aN
_2lcmd
100 1 _aKing, John Pendleton,
_d1799-1888.
245 0 0 _aJohn Pendleton King correspondence,
_f1835.
300 _a1
_fitem.
506 0 _aOpen to research.
545 0 _aU.S. senator of Georgia and railroad official.
546 _aCollection material in English.
580 _aForms part of: Miscellaneous Manuscripts collection.
656 7 _aRailroad officials.
_2itoamc
656 7 _aSenators, U.S. Congress
_zGeorgia.
_2itoamc
999 _c41133
_d41133